[Event "BCF-chT3 0708 (4NCL)"]
[Site "Sunningdale"]
[Date "2007.09.16"]
[Round "2"]
[White "Stenning, Marissa"]
[Black "Coates, Christine"]
[Result "1/2-1/2"]
[WhiteElo "1820"]
[BlackElo "1490"]
[PlyCount "89"]
[EventDate "2007.09.15"]
[EventType "team-tourn"]
[EventRounds "11"]
[EventCountry "ENG"]
[SourceTitle "CBM 120 Extra"]
[Source "ChessBase"]
[SourceDate "2007.11.01"]
[SourceVersion "1"]
[SourceVersionDate "2007.11.01"]
[SourceQuality "1"]
[WhiteTeam "FCA Solutions"]
[BlackTeam "NW Eagles"]
[WhiteTeamCountry "ENG"]
[BlackTeamCountry "ENG"]

1. c4 c6 2. g3 Nf6 3. Bg2 e6 4. Nf3 Be7 5. 0-0 0-0 6. d3 d5 7. Nbd2 Nbd7 8. a3 Qc7 9. b4 b6 10. Qb3 Bb7 11. Bb2 Rad8 12. a4 Rfe8 13. Ra2 c5 14. b5 d4 15. Rfa1 a5 16. Ng5 e5 17. Bxb7 Qxb7 18. Re1 Ng4 19. Ndf3 Bxg5 20. Nxg5 f6 21. Ne4 Nf8 22. Bc1 Qf7 23. h3 Nh6 24. Bxh6 gxh6 25. Qd1 f5 26. Nd2 Rd6 27. Kh2 Rg6 28. Rg1 Ree6 29. Ra1 h5 30. Rg2 f4 31. Qg1 fxg3+ 32. fxg3 Ref6 33. Rf1 Rxf1 34. Qxf1 Qxf1 35. Nxf1 Rf6 36. Kg1 Kg7 37. Rf2 Rxf2 38. Kxf2 Kf6 39. Kf3 Ng6 40. h4 Ke6 41. Nd2 Ne7 42. e4 Ng6 43. Kf2 Kf6 44. Nf3 h6 45. Kg2 1/2-1/2

[Event "BCF-chT3 0607 (4NCL)"]
[Site "Sunningdale"]
[Date "2007.05.06"]
[Round "10.8"]
[White "Kirby, Peter J"]
[Black "Stenning, Marissa"]
[Result "1/2-1/2"]
[WhiteElo "2056"]
[BlackElo "1815"]
[PlyCount "135"]
[EventDate "2006.09.16"]
[EventType "team"]
[EventRounds "11"]
[EventCountry "ENG"]
[SourceTitle "EXT 2008"]
[Source "ChessBase"]
[SourceDate "2007.11.25"]
[SourceVersion "1"]
[SourceVersionDate "2007.11.25"]
[SourceQuality "1"]
[WhiteTeam "Cheddleton"]
[BlackTeam "FCA Solutions"]
[WhiteTeamCountry "ENG"]
[BlackTeamCountry "ENG"]

1. e4 d5 2. exd5 Qxd5 3. Nc3 Qa5 4. d4 Nf6 5. Nf3 Bf5 6. Bd2 c6 7. Ne4 Qc7 8. Nxf6+ gxf6 9. g3 Bg7 10. Bg2 Nd7 11. 0-0 0-0 12. Re1 Rfe8 13. Nh4 Bg6 14. c4 Rad8 15. f4 f5 16. Bc3 Nb6 17. Qd3 e6 18. b3 Qd7 19. Rad1 Nc8 20. a4 Ne7 21. Rd2 Qc7 22. Qe3 Rd7 23. Bf3 Red8 24. Red1 b6 25. Kg2 a6 26. Kh1 Qb8 27. Ng2 b5 28. h4 h5 29. axb5 axb5 30. Ra1 Ra7 31. Qe2 Rxa1+ 32. Bxa1 Qa7 33. Ra2 Qb6 34. d5 cxd5 35. Bxg7 Kxg7 36. cxd5 Nxd5 37. Bxd5 Rxd5 38. Rd2 Rxd2 39. Qxd2 Qc6 40. Kh2 f6 41. Qd4 Bf7 42. b4 Qe4 43. Qc5 Qe2 44. Kg1 Qd1+ 45. Kh2 Qd5 46. Qxd5 exd5 47. Ne3 Be6 48. Nc2 d4 49. Nxd4 Bd7 50. Kg2 Kf7 51. Kf3 Ke7 52. Ne2 Kd6 53. Nc3 Kc6 54. Ke3 Be6 55. Kd4 Bc4 56. Nd1 Bd5 57. Ne3 Be4 58. Nf1 Bd5 59. Nd2 Kd6 60. Nb1 Kc6 61. Nc3 Be6 62. Ne2 Bd5 63. Nc3 Be6 64. Nd1 Bd5 65. Nb2 Be4 66. Nd1 Bd5 67. Nf2 Bc4 68. Nd1 1/2-1/2

[Event "BCF-chT3 0607 (4NCL)"]
[Site "Sunningdale"]
[Date "2006.09.17"]
[Round "2.8"]
[White "Stenning, Marissa"]
[Black "Robson, Caroline J"]
[Result "1-0"]
[WhiteElo "1815"]
[BlackElo "1765"]
[PlyCount "87"]
[EventDate "2006.09.16"]
[EventType "team"]
[EventRounds "11"]
[EventCountry "ENG"]
[SourceTitle "CBM 115 Extra"]
[Source "ChessBase"]
[SourceDate "2007.01.10"]
[SourceVersion "1"]
[SourceVersionDate "2007.01.10"]
[SourceQuality "1"]
[WhiteTeam "FCA Solutions"]
[BlackTeam "Mindsports"]
[WhiteTeamCountry "ENG"]
[BlackTeamCountry "ENG"]

1. c4 Nf6 2. g3 g6 3. Bg2 Bg7 4. Nc3 0-0 5. Nf3 d6 6. 0-0 c6 7. d3 Nbd7 8. Rb1 e5 9. b4 Rb8 10. Qb3 Re8 11. Nd2 Qc7 12. a4 b6 13. b5 c5 14. Nde4 Bb7 15. Nxf6+ Nxf6 16. Bxb7 Qxb7 17. e4 Qd7 18. Kg2 h5 19. h4 Kh7 20. Bg5 Re6 21. Ra1 Bh6 22. Bxh6 Kxh6 23. a5 Ree8 24. axb6 axb6 25. Ra6 Qd8 26. Qa4 Ra8 27. Ra1 Rb8 28. Ra7 Kg7 29. Qa6 Re7 30. Ra8 Rxa8 31. Qxa8 Qxa8 32. Rxa8 Rb7 33. Rd8 Nd7 34. Nd5 Ra7 35. Kf3 Rb7 36. Rc8 Nf6 37. Rc6 Nxd5 38. exd5 Kf6 39. Rxd6+ Ke7 40. Rc6 Kd8 41. Ke4 Re7 42. Rxb6 f5+ 43. Ke3 e4 44. Rxg6 1-0